Hoàn Châu Cách Cách; T5 Sống chết có nhau
Gorde:
| Egile nagusia: | |
|---|---|
| Formatua: | Liburua |
| Hizkuntza: | Undetermined |
| Argitaratua: |
Hà Nội
Hội Nhà Văn
2000
|
| Gaiak: | |
| Etiketak: |
Etiketa erantsi
Etiketarik gabe, Izan zaitez lehena erregistro honi etiketa jartzen!
|
| Thư viện lưu trữ: | Trung tâm Học liệu Trường Đại học Cần Thơ |
|---|
| LEADER | 00600nam a2200181Ia 4500 | ||
|---|---|---|---|
| 001 | CTU_46484 | ||
| 008 | 210402s9999 xx 000 0 und d | ||
| 082 | |a 895.13 | ||
| 082 | |b Qu609h/T5 | ||
| 100 | |a Quỳnh Dao | ||
| 245 | 0 | |a Hoàn Châu Cách Cách; T5 | |
| 245 | 0 | |b Sống chết có nhau | |
| 245 | 0 | |c Quỳnh Dao; Dịch giả: Nguyễn Trung Trí... [ et al. ] | |
| 260 | |a Hà Nội | ||
| 260 | |b Hội Nhà Văn | ||
| 260 | |c 2000 | ||
| 650 | |a chinese fiction ( vietnamese ),chinese literature - 20th century | ||
| 980 | |a Trung tâm Học liệu Trường Đại học Cần Thơ | ||